Textbook of Community Medicine: (Record no. 1834)
[ view plain ]
| 000 -LEADER | |
|---|---|
| Fixed length control field | 00714nam a2200253Ia 4500 |
| 003 - CONTROL NUMBER IDENTIFIER | |
| Control field | IIN |
| 005 - DATE AND TIME OF LATEST TRANSACTION | |
| Control field | 20250522111521.0 |
| 008 - FIXED-LENGTH DATA ELEMENTS--GENERAL INFORMATION | |
| Fixed length control field | 250522s2023 xx ad 001 0 eng d |
| 020 ## - INTERNATIONAL STANDARD BOOK NUMBER / ISBN | |
| Price | Rs.1495.00 |
| International Standard Book Number | 9789354666070 |
| 040 ## - CATALOGING SOURCE | |
| Original cataloging agency | IIN |
| Language of cataloging | English |
| 082 ## - DEWEY DECIMAL CLASSIFICATION NUMBER | |
| Classification number | 362.10425 |
| Book Number | LAL |
| 100 1# - MAIN ENTRY--PERSONAL NAME | |
| Personal name | Lal, Sunder |
| 245 1# - TITLE STATEMENT | |
| Title | Textbook of Community Medicine: |
| Sub title | Preventive and Social Medicine / |
| Statement of responsibility | Sunder Lal, Adarsh and Pankaj |
| 250 ## - EDITION STATEMENT | |
| Edition statement | 8th ed |
| 260 ## - IMPRINT | |
| Place of publication | New Delhi |
| Name of publisher | CBS |
| Date of publication | 2023 |
| 300 ## - PHYSICAL DESCRIPTION | |
| Page / Vol. No | xxx, 782 p. |
| Other physical details | ill. |
| 500 ## - GENERAL NOTE | |
| General note | Includes Index |
| 650 1# - SUBJECT ADDED ENTRY--TOPICAL TERM | |
| Topical term | Community Health |
| Form subdivision | Nursing |
| 650 1# - SUBJECT ADDED ENTRY--TOPICAL TERM | |
| Topical term | Community Medicine |
| 650 1# - SUBJECT ADDED ENTRY--TOPICAL TERM | |
| Topical term | Preventive and Social Medicine |
| 700 1# - ADDED ENTRY--PERSONAL NAME | |
| Personal name | Adarsh |
| 700 1# - ADDED ENTRY--PERSONAL NAME | |
| Personal name | Pankaj |
| 942 ## - ADDED ENTRY ELEMENTS (KOHA) | |
| Koha item type | Books |
| Withdrawn status | Lost status | Source of classification | Damaged status | Not for loan | Collection code | Home library | Current library | Shelving location | Date acquired | Price | Total Checkouts | Call number | Accession number | Date last seen | Price effective from | Koha item type |
|---|---|---|---|---|---|---|---|---|---|---|---|---|---|---|---|---|
| Dewey Decimal Classification | Purches Book | IDEAL INSTITUTE OF NURSING | IDEAL INSTITUTE OF NURSING | General Stacks | 11/03/2025 | 1495.00 | 362.10425 LAL | 2060 | 22/05/2025 | 22/05/2025 | Books |
